| 000 | 00491nam a22001457a 4500 | ||
|---|---|---|---|
| 003 | SGT | ||
| 082 |
_a617.84 _bE22G |
||
| 100 | _a GUPTA, ABHISHEK | ||
| 245 | _aEFFECT OF AEROBIC EXERCISES AND THERAPEUTIC PAIN NEUROSCIENCE EDUCATION ON DISABILITY, PAIN NEUROSCIENCE EDUCATION ON DISABILITY. PAIN PRESSURE THRESHOLD, POSTURE AND QUALITY OF LIFE IN MIGRAINE PATIENT | ||
| 260 |
_aGURUGRAM _bSGT UNIVERSITY _c2022 |
||
| 300 | _a112 | ||
| 650 | _aNEUROLOGY | ||
| 653 | _aMPT | ||
| 942 |
_2ddc _cTH |
||
| 999 |
_c32174 _d32174 |
||